[Event "Klatovy op-A 24th"]
[Site "Klatovy"]
[Date "2018.06.30"]
[Round "1"]
[White "Xu, Xianliang"]
[Black "Kusa, Jakub"]
[Result "1-0"]
[WhiteElo "2430"]
[BlackElo "2046"]
[PlyCount "45"]
[EventDate "2018.06.30"]
[EventType "swiss"]
[EventRounds "9"]
[EventCountry "CZE"]
[SourceTitle "CBM 185 Extra"]
[Source "ChessBase"]
[SourceDate "2018.07.29"]
[SourceVersion "1"]
[SourceVersionDate "2018.07.29"]
[SourceQuality "1"]

1. c4 Nf6 2. g3 e6 3. Nf3 b6 4. Bg2 Bb7 5. 0-0 Be7 6. b3 0-0 7. Bb2 c5 8. d3 d5 9. cxd5 exd5 10. d4 Nc6 11. Nc3 Ne4 12. dxc5 Nxc3 13. Bxc3 Bxc5 14. e3 Qd6 15. Nh4 Ne5 16. f4 Bxe3+ 17. Kh1 Ng6 18. Nf5 Qc7 19. Bxg7 Rfe8 20. Bd4 Bxd4 21. Qxd4 f6 22. Qxf6 Qf7 23. Nh6+ 1-0

[Event "Karlsruhe Grenke op"]
[Site "Karlsruhe"]
[Date "2018.03.31"]
[Round "5"]
[White "Xu, Xianliang"]
[Black "Santos Latasa, Jaime"]
[Result "1/2-1/2"]
[WhiteElo "2424"]
[BlackElo "2549"]
[PlyCount "60"]
[EventDate "2018.03.29"]
[EventType "swiss"]
[EventRounds "9"]
[EventCountry "GER"]
[SourceTitle "CBM 183 Extra"]
[Source "ChessBase"]
[SourceDate "2018.04.19"]
[SourceVersion "1"]
[SourceVersionDate "2018.04.19"]
[SourceQuality "1"]

1. e4 e5 2. Nf3 Nc6 3. d4 exd4 4. Bc4 Nf6 5. 0-0 Nxe4 6. Re1 d5 7. Bxd5 Qxd5 8. Nc3 Qh5 9. Nxe4 Be6 10. Bg5 h6 11. Bf6 Qd5 12. Nxd4 Nxd4 13. Qxd4 Qxd4 14. Bxd4 b6 15. b3 0-0-0 16. c3 Bf5 17. f3 Rg8 18. Rad1 Bg6 19. b4 f6 20. a4 Rd7 21. a5 Be7 22. b5 Bf7 23. Ng3 Bd8 24. axb6 cxb6 25. Nf5 Bb3 26. Rd2 Bc4 27. Be3 Bd3 28. Nd4 Bc4 29. Nf5 Bd3 30. Nd4 Bc4 1/2-1/2

[Event "BL2-West 1718"]
[Site "Germany"]
[Date "2018.03.18"]
[Round "8.4"]
[White "Xu, Xianliang"]
[Black "Piceu, Tom"]
[Result "1/2-1/2"]
[WhiteElo "2397"]
[BlackElo "2356"]
[PlyCount "64"]
[EventDate "2017.10.08"]
[EventType "team-tourn"]
[EventRounds "9"]
[EventCountry "GER"]
[SourceTitle "CBM 183 Extra"]
[Source "ChessBase"]
[SourceDate "2018.04.19"]
[SourceVersion "1"]
[SourceVersionDate "2018.04.19"]
[SourceQuality "1"]
[WhiteTeam "Koeln Porz"]
[BlackTeam "Aachen SV"]
[WhiteTeamCountry "GER"]
[BlackTeamCountry "GER"]

1. e4 c5 2. c3 e6 3. d4 d5 4. exd5 exd5 5. Nf3 Nc6 6. Bb5 Nf6 7. 0-0 Be7 8. dxc5 Bxc5 9. Bg5 Be6 10. Nbd2 0-0 11. Nb3 Be7 12. Nbd4 Rc8 13. Re1 Bg4 14. Qa4 Nxd4 15. Nxd4 a6 16. Bd3 h6 17. Bh4 Re8 18. h3 Qd7 19. Qc2 Be6 20. Nf5 Bd8 21. Bg3 Nh5 22. Bh2 Bc7 23. Bxc7 Rxc7 24. Nd4 Nf4 25. Qd2 g5 26. Re3 Qd8 27. Bc2 Qf6 28. Rae1 Rce7 29. Ba4 Rf8 30. Bc2 Rfe8 31. Ba4 Rc8 32. Bc2 Rce8 1/2-1/2

[Event "DEN-chT 1718 56th"]
[Site "Denmark"]
[Date "2018.03.10"]
[Round "8.3"]
[White "Xu, Xianliang"]
[Black "Rasmussen, Allan Stig"]
[Result "0-1"]
[WhiteElo "2397"]
[BlackElo "2540"]
[PlyCount "76"]
[EventDate "2017.11.18"]
[EventType "team-tourn"]
[EventRounds "9"]
[EventCountry "DEN"]
[SourceTitle "EXT 2019"]
[Source "ChessBase"]
[SourceDate "2018.10.10"]
[SourceVersion "1"]
[SourceVersionDate "2018.10.10"]
[SourceQuality "1"]
[WhiteTeam "BOV"]
[BlackTeam "Jetsmark"]
[WhiteTeamCountry "DEN"]
[BlackTeamCountry "DEN"]

1. e4 e6 2. Nf3 d5 3. exd5 exd5 4. d4 Bd6 5. c4 Nf6 6. Nc3 0-0 7. c5 Be7 8. Be3 b6 9. Be2 Ng4 10. Bf4 bxc5 11. 0-0 c6 12. Na4 c4 13. b3 cxb3 14. axb3 Nd7 15. Qc2 Bb7 16. Bd3 g6 17. Nc5 Nxc5 18. dxc5 Re8 19. Rfe1 Nf6 20. Re2 Bf8 21. Rxe8 Nxe8 22. h4 Ng7 23. Be5 Bc8 24. Qc3 Bg4 25. Bf6 Qc8 26. Nd4 Nh5 27. Be5 Bd7 28. Be2 Qe8 29. Bh2 Qe4 30. Bxh5 Bg7 31. Rd1 gxh5 32. Qb4 Re8 33. Bg3 Qg4 34. Rd3 Bf5 35. Rd2 Re1+ 36. Kh2 Be5 37. Nxc6 Be4 38. Nxe5 Rh1+ 0-1

[Event "GER-chT U20"]
[Site "Duesseldorf"]
[Date "2017.12.28"]
[Round "4.1"]
[White "Hartge, Gedeon"]
[Black "Xu, Xianliang"]
[Result "0-1"]
[WhiteElo "2140"]
[BlackElo "2401"]
[PlyCount "82"]
[EventDate "2017.12.27"]
[EventType "team-swiss"]
[EventRounds "7"]
[EventCountry "GER"]
[SourceTitle "CBM 182 Extra"]
[Source "ChessBase"]
[SourceDate "2018.02.23"]
[SourceVersion "1"]
[SourceVersionDate "2018.02.23"]
[SourceQuality "1"]
[WhiteTeam "Halle USV U20"]
[BlackTeam "Porz SG U20"]
[WhiteTeamCountry "GER"]
[BlackTeamCountry "GER"]

1. d4 d5 2. c4 Nc6 3. Nf3 Bg4 4. cxd5 Bxf3 5. gxf3 Qxd5 6. e3 e5 7. Nc3 Bb4 8. Bd2 Bxc3 9. bxc3 Qd7 10. Rb1 b6 11. f4 exf4 12. e4 Nge7 13. Qf3 Ng6 14. h4 h5 15. Bxf4 Nxf4 16. Qxf4 Ne7 17. Qg3 Qe6 18. Bd3 0-0-0 19. Qh3 Rh6 20. Rb5 f5 21. Re5 Qf6 22. exf5 Kb8 23. Qf3 Qf7 24. Qe4 Nc8 25. 0-0 Qxa2 26. Re8 Rxe8 27. Qxe8 Qa3 28. Re1 Qxc3 29. Re3 Qxd4 30. Ba6 Qa1+ 31. Bf1 Rd6 32. Re1 Rd1 33. Rxd1 Qxd1 34. Qe5 Qg4+ 35. Bg2 Qd1+ 36. Bf1 Qb1 37. Qxg7 Qxf5 38. Ba6 Qb1+ 39. Kg2 Qe4+ 40. Kg3 Qe8 41. Bxc8 Kxc8 0-1

[Event "BEL-chT 1718"]
[Site "Belgium"]
[Date "2017.10.01"]
[Round "2.3"]
[White "Xu, Xianliang"]
[Black "Ferreira, Jorge Viterbo"]
[Result "1/2-1/2"]
[WhiteElo "2397"]
[BlackElo "2499"]
[PlyCount "79"]
[EventDate "2017.09.24"]
[EventType "team-tourn"]
[EventRounds "11"]
[EventCountry "BEL"]
[SourceTitle "EXT 2019"]
[Source "ChessBase"]
[SourceDate "2018.10.10"]
[SourceVersion "1"]
[SourceVersionDate "2018.10.10"]
[SourceQuality "1"]
[WhiteTeam "KSK Rochade"]
[BlackTeam "Amay"]
[WhiteTeamCountry "BEL"]
[BlackTeamCountry "BEL"]

1. e4 e5 2. Nf3 Nc6 3. d4 exd4 4. c3 d5 5. exd5 Qxd5 6. cxd4 Bg4 7. Nc3 Bb4 8. Be2 Bxf3 9. Bxf3 Qc4 10. Bxc6+ bxc6 11. Qe2+ Qxe2+ 12. Kxe2 0-0-0 13. Be3 Ne7 14. Rhe1 Nf5 15. Rad1 Rhe8 16. Kf1 c5 17. d5 c6 18. dxc6 Rxd1 19. Rxd1 Bxc3 20. bxc3 Rxe3 21. g4 Re6 22. gxf5 Rxc6 23. Rd5 Kc7 24. c4 Kb6 25. Ke2 Ka5 26. Kd3 a6 27. Kc3 Kb6 28. Kd3 Ka5 29. Kc3 Kb6 30. Kd3 Rh6 31. Rd7 Rxh2 32. Rxf7 Rxf2 33. Rxg7 Rxf5 34. Rxh7 Rf2 35. Rh6+ Kb7 36. Rh7+ Kb6 37. Rh6+ Ka5 38. Rh5 Kb4 39. a3+ Kxa3 40. Rxc5 1/2-1/2

[Event "BEL-chT 1718"]
[Site "Belgium"]
[Date "2017.09.24"]
[Round "1.3"]
[White "Matnadze, Ana"]
[Black "Xu, Xianliang"]
[Result "1/2-1/2"]
[WhiteElo "2393"]
[BlackElo "2397"]
[PlyCount "64"]
[EventDate "2017.09.24"]
[EventType "team-tourn"]
[EventRounds "11"]
[EventCountry "BEL"]
[SourceTitle "EXT 2018"]
[Source "ChessBase"]
[SourceDate "2017.10.13"]
[SourceVersion "1"]
[SourceVersionDate "2017.10.13"]
[SourceQuality "1"]
[WhiteTeam "Wachtebeke"]
[BlackTeam "KSK Rochade"]
[WhiteTeamCountry "BEL"]
[BlackTeamCountry "BEL"]

1. d4 d5 2. Nf3 Nc6 3. c3 Bg4 4. h3 Bxf3 5. exf3 e5 6. Bb5 Bd6 7. dxe5 Bxe5 8. Qe2 Qe7 9. 0-0 Bd6 10. Qd1 Qd7 11. Bxc6 Qxc6 12. Qd4 f6 13. Nd2 Ne7 14. Nb3 0-0 15. Bd2 b6 16. Rad1 Qd7 17. Rfe1 c5 18. Qe3 Rfe8 19. Bc1 Rad8 20. f4 Ng6 21. Qf3 Rxe1+ 22. Rxe1 Bc7 23. Rd1 a5 24. g3 a4 25. Na1 Qf5 26. Be3 Ne5 27. Qe2 Nc4 28. Bc1 Qe4 29. Qxe4 dxe4 30. Rxd8+ Bxd8 31. b3 axb3 32. axb3 Nd6 1/2-1/2

[Event "Solingen Karneval op"]
[Site "Solingen"]
[Date "2017.02.25"]
[Round "2"]
[White "Xu, Xianliang"]
[Black "Luebeck, Stephan"]
[Result "1-0"]
[WhiteElo "2323"]
[BlackElo "1988"]
[PlyCount "51"]
[EventDate "2017.02.24"]
[EventType "swiss"]
[EventRounds "5"]
[EventCountry "GER"]
[SourceTitle "EXT 2018"]
[Source "ChessBase"]
[SourceDate "2017.10.13"]
[SourceVersion "1"]
[SourceVersionDate "2017.10.13"]
[SourceQuality "1"]

1. d4 g6 2. e4 Bg7 3. Nc3 d6 4. Be3 c6 5. Qd2 b5 6. Bd3 Nd7 7. Nge2 Ngf6 8. f3 Nb6 9. b3 Qc7 10. 0-0 0-0 11. a4 b4 12. Nd1 c5 13. a5 Nbd7 14. c3 bxc3 15. Ndxc3 cxd4 16. Nxd4 Nc5 17. Be2 a6 18. b4 Ne6 19. Na4 Nxd4 20. Bxd4 Nd7 21. Rfc1 Bxd4+ 22. Qxd4 Qb8 23. Nb6 Nxb6 24. axb6 Bb7 25. Rc7 Re8 26. Bd1 1-0

[Event "Oberliga NRW 1617"]
[Site "Germany"]
[Date "2017.02.12"]
[Round "6.2"]
[White "Thiel, Thomas"]
[Black "Xu, Xianliang"]
[Result "0-1"]
[WhiteElo "2278"]
[BlackElo "2287"]
[PlyCount "34"]
[EventDate "2016.09.25"]
[EventType "team-tourn"]
[EventRounds "9"]
[EventCountry "GER"]
[SourceTitle "EXT 2020"]
[Source "ChessBase"]
[SourceDate "2019.10.17"]
[SourceVersion "1"]
[SourceVersionDate "2019.10.17"]
[SourceQuality "1"]
[WhiteTeam "Wattenscheid"]
[BlackTeam "Koeln Porz II"]
[WhiteTeamCountry "GER"]
[BlackTeamCountry "GER"]

1. e4 c5 2. Nc3 Nc6 3. Bb5 Nd4 4. Bc4 e6 5. Nge2 a6 6. d3 b5 7. Bb3 Nc6 8. 0-0 Nf6 9. Ng3 h5 10. Bg5 h4 11. Nh5 h3 12. e5 Nxe5 13. Ne4 Be7 14. Nxg7+ Kf8 15. Bxf6 Bxf6 16. Nh5 hxg2 17. Re1 Bg7 0-1

[Event "GER-chT U20"]
[Site "Borken"]
[Date "2016.12.29"]
[Round "6.1"]
[White "Pluska, Alexander"]
[Black "Xu, Xianliang"]
[Result "0-1"]
[WhiteElo "2108"]
[BlackElo "2242"]
[PlyCount "116"]
[EventDate "2016.12.27"]
[EventType "team-swiss"]
[EventRounds "7"]
[EventCountry "GER"]
[SourceTitle "EXT 2018"]
[Source "ChessBase"]
[SourceDate "2017.10.13"]
[SourceVersion "1"]
[SourceVersionDate "2017.10.13"]
[SourceQuality "1"]
[WhiteTeam "Kiel Doppelbauer"]
[BlackTeam "Porz SG"]
[WhiteTeamCountry "GER"]
[BlackTeamCountry "GER"]

1. Nf3 c5 2. c4 Nc6 3. g3 g6 4. Bg2 Bg7 5. 0-0 d6 6. Nc3 e5 7. Ne1 Be6 8. d3 Nge7 9. Nd5 0-0 10. Nc2 Nd4 11. Nxd4 cxd4 12. b4 Nxd5 13. cxd5 Bf5 14. Bb2 Qd7 15. a4 a6 16. Qb3 Rfc8 17. Rfc1 Bh6 18. Rxc8+ Rxc8 19. Bf3 Qc7 20. b5 a5 21. Ba3 Bh3 22. Bg2 Bg4 23. Bf1 b6 24. h3 Bf5 25. Bg2 Qe7 26. Qd1 Rc3 27. Bb2 Rc7 28. Ba3 Rc8 29. Kh2 f6 30. Kg1 Kg7 31. g4 Bd7 32. Bc1 Bxc1 33. Rxc1 Qd8 34. Rc2 Rc3 35. Rxc3 dxc3 36. Qc2 Qc7 37. Kf1 Qc5 38. e4 Qa3 39. Bf3 f5 40. gxf5 gxf5 41. Kg2 f4 42. Bd1 Qb2 43. Kh2 Kg6 44. f3 Kg5 45. Qg2+ Qxg2+ 46. Kxg2 Kh4 47. Kf2 Bxh3 48. Bc2 Bd7 49. Bd1 Kg5 50. Bc2 h5 51. Bd1 h4 52. Bc2 h3 53. Bb3 Be8 54. Bc2 Bh5 55. Bb3 Kh4 56. Bc2 h2 57. Kg2 h1Q+ 58. Kxh1 Kg3 0-1

[Event "GER-chT U20"]
[Site "Borken"]
[Date "2016.12.27"]
[Round "1.1"]
[White "Xu, Xianliang"]
[Black "Stricker, Florian"]
[Result "1-0"]
[WhiteElo "2242"]
[BlackElo "1994"]
[PlyCount "77"]
[EventDate "2016.12.27"]
[EventType "team-swiss"]
[EventRounds "7"]
[EventCountry "GER"]
[SourceTitle "EXT 2018"]
[Source "ChessBase"]
[SourceDate "2017.10.13"]
[SourceVersion "1"]
[SourceVersionDate "2017.10.13"]
[SourceQuality "1"]
[WhiteTeam "Porz SG"]
[BlackTeam "Bochum"]
[WhiteTeamCountry "GER"]
[BlackTeamCountry "GER"]

1. c4 Nf6 2. g3 c5 3. Bg2 g6 4. Nc3 Bg7 5. e4 Nc6 6. Nge2 d6 7. 0-0 0-0 8. d3 Nd4 9. a3 Bd7 10. Nxd4 cxd4 11. Nd5 Nxd5 12. exd5 Qc8 13. Bg5 Re8 14. Re1 e5 15. dxe6 fxe6 16. b4 h6 17. Bd2 e5 18. b5 Be6 19. Qe2 Qd7 20. Qe4 d5 21. cxd5 Bf5 22. Qe2 Qxb5 23. Be4 Qd7 24. Rec1 Rac8 25. Rab1 Rf8 26. Bb4 Rfe8 27. h4 h5 28. Bxf5 Qxf5 29. d6 Qe6 30. Qe4 Bh6 31. Rxc8 Rxc8 32. Qxb7 Rf8 33. Qe7 Qf5 34. Rf1 Be3 35. Be1 Qg4 36. Qxe5 Bf4 37. Qd5+ Kh7 38. d7 Bc7 39. Qc5 1-0

[Event "GER-ch U25-A"]
[Site "Willingen"]
[Date "2016.05.21"]
[Round "9"]
[White "Xu, Xianliang"]
[Black "Wenninger, Philipp"]
[Result "1-0"]
[WhiteElo "2273"]
[BlackElo "2352"]
[PlyCount "75"]
[EventDate "2016.05.15"]
[EventType "swiss"]
[EventRounds "9"]
[EventCountry "GER"]
[SourceTitle "CBM 172 Extra"]
[Source "ChessBase"]
[SourceDate "2016.06.21"]
[SourceVersion "1"]
[SourceVersionDate "2016.06.21"]
[SourceQuality "1"]

1. e4 c6 2. d4 d5 3. exd5 cxd5 4. c4 Nf6 5. Nc3 Nc6 6. Nf3 Bg4 7. cxd5 Nxd5 8. Qb3 Bxf3 9. gxf3 e6 10. Qxb7 Nxd4 11. Bb5+ Nxb5 12. Qc6+ Ke7 13. Qxb5 Qd7 14. Nxd5+ Qxd5 15. Qa4 Rd8 16. Be3 f6 17. 0-0 Qxf3 18. Rfd1 Rxd1+ 19. Rxd1 Kf7 20. Rd8 Kg6 21. Qe8+ Kf5 22. Qb5+ e5 23. Qd7+ Kg6 24. Qe8+ Kf5 25. h3 h5 26. Qf7 h4 27. Rxf8 Rxf8 28. Qxf8 Qd1+ 29. Kh2 g5 30. Qc8+ Kg6 31. Qg8+ Kf5 32. Qh7+ Ke6 33. Qxa7 f5 34. Qb6+ Kf7 35. Bxg5 Qf3 36. Qf6+ Kg8 37. Qe6+ Kh7 38. Qf7+ 1-0

[Event "GER-chT U20"]
[Site "Osnabrueck"]
[Date "2015.12.28"]
[Round "3.2"]
[White "Uksini, Bardhyl"]
[Black "Xu, Xianliang"]
[Result "1/2-1/2"]
[WhiteElo "2248"]
[BlackElo "2236"]
[PlyCount "60"]
[EventDate "2015.12.27"]
[EventType "team-swiss"]
[EventRounds "7"]
[EventCountry "GER"]
[SourceTitle "EXT 2017"]
[Source "ChessBase"]
[SourceDate "2016.10.25"]
[SourceVersion "1"]
[SourceVersionDate "2016.10.25"]
[SourceQuality "1"]
[WhiteTeam "Hamburger SK"]
[BlackTeam "Porz SG"]
[WhiteTeamCountry "GER"]
[BlackTeamCountry "GER"]

1. d4 Nf6 2. c4 e5 3. dxe5 Ng4 4. Nf3 Bc5 5. e3 Nc6 6. b3 d6 7. Bb2 Ngxe5 8. Be2 0-0 9. 0-0 Re8 10. Nc3 Nxf3+ 11. Bxf3 Ne5 12. Na4 Bb6 13. Nxb6 axb6 14. Be2 Bd7 15. Qd4 f6 16. Qd5+ Kh8 17. Bxe5 Bc6 18. Bxf6 Qxf6 19. Qd1 Ra3 20. Bd3 Qg5 21. e4 Qa5 22. Qc2 Ra8 23. Qe2 Rxa2 24. Rxa2 Qxa2 25. Bc2 Qb2 26. Qd3 g6 27. h4 Ra2 28. Bb1 Ra3 29. Bc2 Ra2 30. Bb1 Ra3 1/2-1/2